Loading...
| Science - Other | 0 | 3 | 0 | 1 | 30 | 119 | 127.67 | 0 | 2 | -0.54 | 11.36 |
| History - World | 0 | 3 | 0 | 0 | 30 | 80 | 108.00 | 0 | 2 | 4.93 | 12.73 |
| Literature - World | 0 | 2 | 0 | 1 | 20 | 131 | 134.50 | 0 | 1 | 0.20 | 3.64 |
| History - American | 0 | 2 | 1 | 1 | 15 | 107 | 121.50 | 0 | 0 | 0.94 | 5.91 |
| Current Events | 0 | 2 | 1 | 1 | 15 | 79 | 82.00 | 0 | 1 | 18.68 | 23.75 |
| History - European | 0 | 2 | 1 | 0 | 15 | 91 | 109.50 | 0 | 0 | 2.62 | 4.09 |
| History - Other | 0 | 2 | 1 | 2 | 15 | 125 | 128.00 | 0 | 1 | -0.14 | 6.36 |
| Religion | 0 | 1 | 0 | 1 | 10 | 129 | 129.00 | 0 | 0 | 0.00 | 1.82 |
| Geography | 0 | 1 | 0 | 0 | 10 | 60 | 60.00 | 0 | 1 | 17.46 | 26.67 |
| Fine Arts - Classical Music | 0 | 1 | 0 | 1 | 10 | 127 | 127.00 | 0 | 0 | -0.22 | 1.82 |
| Social Science | 0 | 1 | 1 | 0 | 5 | 120 | 120.00 | 0 | 1 | 0.00 | 2.27 |
| Science - Biology | 0 | 1 | 1 | 0 | 5 | 100 | 100.00 | 0 | 1 | 1.39 | 5.45 |
| Fine Arts - Other | 0 | 0 | 0 | 0 | 0 | 0.00 | 0 | 0 | 0.00 | 0.00 | |
| Science - Chemistry | 0 | 0 | 0 | 0 | 0 | 0.00 | 0 | 0 | 0.00 | 0.00 | |
| Fine Arts - Painting and Sculpture | 0 | 0 | 0 | 0 | 0 | 0.00 | 0 | 0 | 0.00 | 0.00 | |
| Science - Physics | 0 | 1 | 2 | 1 | 0 | 118 | 118.00 | 0 | 0 | -0.16 | 1.82 |
| Literature - European | 0 | 0 | 1 | 0 | -5 | 0.00 | 0 | 0 | 0.00 | 0.00 | |
| Philosophy | 0 | 0 | 1 | 0 | -5 | 0.00 | 0 | 0 | 0.00 | 0.00 |